Asia ka Muqadma : (Record no. 35414)

MARC details
000 -LEADER
fixed length control field 00547nam a22001817a 4500
005 - DATE AND TIME OF LATEST TRANSACTION
control field 20240321103910.0
008 - FIXED-LENGTH DATA ELEMENTS--GENERAL INFORMATION
fixed length control field 240321b |||||||| |||| 00| 0 eng d
020 ## - INTERNATIONAL STANDARD BOOK NUMBER
ISBN 978-969-8455-59-0
082 ## - DEWEY DECIMAL CLASSIFICATION NUMBER
Classification number 959
Item number MAH-A
100 ## - MAIN ENTRY--AUTHOR
Author Name Mahatir Muhammad.
245 ## - TITLE STATEMENT
Title Asia ka Muqadma :
Remainder of title Aalimi Maeeshaton Ka Tasadum Aur Ubharta Asia /
Statement of responsibility, etc. Mahatir Muhammad.
250 ## - EDITION STATEMENT
Edition statement 1st ed.
260 ## - PUBLICATION, DISTRIBUTION, ETC.
Place of Publication Pakistan :
Name of publisher, distributor, etc. Jumhoori Publicatios,
Date of publication, distribution, etc. c 2017.
300 ## - PHYSICAL DESCRIPTION
Pages 133 p. :
500 ## - GENERAL NOTE
General note Jumhoori publications.
650 ## - SUBJECT ADDED ENTRY--TOPICAL TERM
Subject / Department History / literature
300 ## - PHYSICAL DESCRIPTION
-- 21.5 cm.
952 ## - LOCATION AND ITEM INFORMATION (KOHA)
-- 0
-- 0
Holdings
Lost status Damaged status Collection code Permanent Location Current Location Shelving Location Date acquired Full Call Number Accession No./Barcode Date last seen item type Koha item type
    Literature/Urdu/eng/Islamic Superior Information Resource Center (SIRC) Superior University- Central Library Superior Information Resource Center (SIRC) Superior University- Central Library Literature 03/21/2024 959 MAH-A 2017 29143 03/21/2024 BOOK BOOK

Powered by Koha